<?xml version="1.0" encoding="UTF-8"?>
<collection xmlns="http://www.loc.gov/MARC21/slim">
 <record>
  <leader>01221naa a2200229 i 4500</leader>
  <controlfield tag="001">acta71503</controlfield>
  <controlfield tag="005">20210923114532.0</controlfield>
  <controlfield tag="008">210121s2011    hu      o     0||   ger d</controlfield>
  <datafield tag="020" ind1=" " ind2=" ">
   <subfield code="a">978-963-306-145-9</subfield>
  </datafield>
  <datafield tag="040" ind1=" " ind2=" ">
   <subfield code="a">SZTE Egyetemi Kiadványok Repozitórium</subfield>
   <subfield code="b">hun</subfield>
  </datafield>
  <datafield tag="041" ind1=" " ind2=" ">
   <subfield code="a">ger</subfield>
  </datafield>
  <datafield tag="100" ind1="2" ind2=" ">
   <subfield code="a">Szádeczky-Kardoss Samu</subfield>
  </datafield>
  <datafield tag="245" ind1="1" ind2="4">
   <subfield code="a">Zur Textüberlieferung der &quot;Homilia de obsidione Avarica Constantinopolis auctore ut videtur Theodoro Syncello&quot;</subfield>
   <subfield code="h">[elektronikus dokumentum] /</subfield>
   <subfield code="c"> Szádeczky-Kardoss Samu</subfield>
  </datafield>
  <datafield tag="260" ind1=" " ind2=" ">
   <subfield code="c">2011</subfield>
  </datafield>
  <datafield tag="300" ind1=" " ind2=" ">
   <subfield code="a">97-106</subfield>
  </datafield>
  <datafield tag="490" ind1="0" ind2=" ">
   <subfield code="a">Acta Universitatis Szegediensis : Opuscula Byzantina</subfield>
   <subfield code="v">10</subfield>
  </datafield>
  <datafield tag="490" ind1="0" ind2=" ">
   <subfield code="a">Theodóros Synkellos Az Istenanya ruhájának Blachernaiban történt elhelyezéséről szóló beszéde : appendix: Szádeczky-Kardoss Samu Theodóros Synkellosról szóló cikkei</subfield>
   <subfield code="v">10</subfield>
  </datafield>
  <datafield tag="650" ind1=" " ind2="4">
   <subfield code="a">Bölcsészettudományok</subfield>
  </datafield>
  <datafield tag="650" ind1=" " ind2="4">
   <subfield code="a">Történettudomány és régészet</subfield>
  </datafield>
  <datafield tag="650" ind1=" " ind2="4">
   <subfield code="a">Nyelvek és irodalom</subfield>
  </datafield>
  <datafield tag="695" ind1=" " ind2=" ">
   <subfield code="a">Görög irodalom - bizánci, Ortodox egyház, Avarok története - forrás, Bizánc - művelődéstörténet, Theodóros Synkellos, Bizánc története - 7. sz. - forrástanulmány</subfield>
  </datafield>
  <datafield tag="856" ind1="4" ind2="0">
   <subfield code="u">http://acta.bibl.u-szeged.hu/71503/1/opuscula_byzantina_010_097-106.pdf</subfield>
   <subfield code="z">Dokumentum-elérés </subfield>
  </datafield>
 </record>
</collection>
